Participación popular: retos del futuro /
Αποθηκεύτηκε σε:
| Κύριος συγγραφέας: | |
|---|---|
| Άλλοι συγγραφείς: | , , , , , , , , , , , , |
| Μορφή: | Άγνωστο |
| Έκδοση: |
Bogotá:
Instituro Colombiano para el Fomento de la Educación Superior ICFES. Instituto de Estudios Políticos y Relaciones Internacionales,
Universidad Nacional IEPRI. Instituto Colombiano de Investigaciones Científicas COLCIENCIAS
|
| Θέματα: | |
| Ετικέτες: |
Προσθήκη ετικέτας
Δεν υπάρχουν, Καταχωρήστε ετικέτα πρώτοι!
|
MARC
| LEADER | 00000 a2200000 04500 | ||
|---|---|---|---|
| 001 | 38036 | ||
| 003 | cru CIDCACS/IIS | ||
| 005 | 20170831151353.0 | ||
| 008 | 991231s d | ||
| 999 | |c 40368 |d 40368 | ||
| 040 | |c CIDCACS/IIS | ||
| 090 | |a 05.03.03 F194p | ||
| 100 | |a Cardoso, Fernando | ||
| 245 | |a Participación popular: |b retos del futuro / |c Fernando Cardoso | ||
| 260 | |a Bogotá: |b Instituro Colombiano para el Fomento de la Educación Superior ICFES. Instituto de Estudios Políticos y Relaciones Internacionales, |c Universidad Nacional IEPRI. Instituto Colombiano de Investigaciones Científicas COLCIENCIAS | ||
| 300 | |a 274 páginas | ||
| 650 | |a GLOBALIZACION | ||
| 650 | |a DESARROLLO ECONOMICO | ||
| 650 | |a PROBLEMAS SOCIALES | ||
| 650 | |a ASPECTOS ECONOMICOS | ||
| 650 | |a RECURSOS NATURALES | ||
| 650 | |a DEMOCRACIA | ||
| 650 | |a GOBIERNO | ||
| 650 | |a MUNDO | ||
| 700 | |a Chambers, Robert | ||
| 700 | |a Fals Borda, Orlando | ||
| 700 | |a Flood, Robert L. | ||
| 700 | |a Fournier, Francine | ||
| 700 | |a Goulet, Denis | ||
| 700 | |a Heller, Agnes | ||
| 700 | |a Lincoln, Yvonna S. | ||
| 700 | |a Max-Neef, Manfred | ||
| 700 | |a Molano Bravo, Alfredo | ||
| 700 | |a Niño Diez, Jaime | ||
| 700 | |a Roux, Custavo De | ||
| 700 | |a Tandon, Rajesh | ||
| 700 | |a Wallerstein, Im | ||
| 942 | |2 ddc |c LI | ||
